| 000 | 00584nam a2200193Ia 4500 | ||
|---|---|---|---|
| 008 | 130821s1962 mx gr spa | ||
| 020 | _a9682611881 | ||
| 040 |
_aCo-BoUCM _bspa |
||
| 041 | _aspa | ||
| 100 | 1 |
_aCuster, Dan. _9155193 |
|
| 245 | 1 | 3 |
_aLa mente en las relaciones humanas _cDan Custer- |
| 260 |
_aMéxico D.F. (México) _bContinental, S.A. _c1962 |
||
| 300 | _a281 páginas | ||
| 650 | 0 | 4 |
_aFilosofía _975 |
| 650 | 0 | 4 |
_aMente y cuerpo _919302 |
| 650 | 0 | 4 |
_aRelaciones humanas _923454 |
| 942 |
_cLIBRO _a2 _e1 _mC987m _2DEWEY _h128.2 |
||
| 999 |
_c4173 _d4173 |
||